LEADER 01086nam a2200241 a 4500 001 000000119910 003 CaOOAMICUS 005 20100211154857.0 008 100211t2009 it u000 u ita r 020 $a978-88-15-13433-2 040 $aPUL$bita$dReb 100 1 $aNapolitano, Giorgio.$0(OLS)http://pul/name/34621 245 13$aIl patto che ci lega :$bper una coscienza repubblicana /$cGiorgio Napolitano. 260 $aBologna :$bIl Mulino,$cİ2009. 300 $a227 p. ;$c19 cm. 504 $aInclude riferimenti bibliografici ed indice. 610 14$aItalia.$tCostituzione della Repubblica italiana$xValori$xDiscorsi.$0(OLS)http://pul/subject/36420 850 $aPUL 852 $aPUL$W1$xSL Diritto e Scienze Sociali 3$y79$m320. 945 NAPGI 1$j137562$qDDC 21$B136659$CPULBib$Z2$F136659 $H112766 $82 941 1 $a9 996 $6020$a978-88-15-13433-2$9(OLS)http://pul/number/143234 996 $6245$aIl patto che ci lega :$bper una coscienza repubblicana$9(OLS)http://pul/title/150865 996 $6260$aBologna :$bIl Mulino$9(OLS)http://pul/publisher/47928 LEADER 01335nam a2200313 u 4500 001 000000050526 003 CaOOAMICUS 005 20070226115231.0 008 000804s1986 miu u000 u eng u 020 $a0802801021 035 $a10853676 040 $aPUL(R)$bita 041 1 $aeng$hdut 100 1 $aLoader, J. A.,$d1945-$0(OLS)http://pul/name/36288 240 10$aPrediker : een praktische bijbelverklaring.$lInglese.$0(OLS)http://pul/title/67991 245 10$aEcclesiastes :$ba practical commentary /$cJ.A. Loader ; traslated by John Vriend. 260 $aGrand Rapids, Michigan :$bEerdmans,$c1986. 300 $a136 p. ;$c21 cm 490 1 $aText and interpretation 630 04$aBiblia.$pV.T.$pQohlet$xCommenti.$0(OLS)http://pul/subject/37775 700 1 $aVriend, John.$0(OLS)http://pul/name/36368 830 0$aText and interpretation.$0(OLS)http://pul/title/67993 850 $aPUL 852 $aPUL$W1$xDP1 Fondo Ciprotti$y59$m1534 D 29$j66983$nBK-PRI$b $qFondi$B66983$CPULBib$Z2$F66983 $H $81 941 1 $a1 961 $aINV: 0598. Fondo Ciprotti 996 $6020$a0802801021$9(OLS)http://pul/number/63959 996 $6245$aEcclesiastes :$ba practical commentary$9(OLS)http://pul/title/67992 996 $6260$aGrand Rapids, Michigan :$bEerdmans$9(OLS)http://pul/publisher/67282